| 000 | 01853nam0a2200337 4500 | ||
|---|---|---|---|
| 001 | RU\NLR\bibl\1818662 | ||
| 005 | 20260408045435.0 | ||
| 010 |
_a978-5-7782-1693-8 _9500 |
||
| 021 |
_aRU _b2011-69699 _94929 |
||
| 035 | _a(NLR Aleph) 001809230 | ||
| 090 |
_a1847615 _c1847615 |
||
| 100 | _a20111010d2011 |||y0rusy50 ca | ||
| 101 | 0 | _arus | |
| 102 | _aRU | ||
| 105 | _aa ||||||||| | ||
| 200 | 1 |
_aАктуальные вопросы экономических наук _eсборник материалов XX Международной научно-практической конференции, Новосибирск, 17 мая 2011 г. _fпод общ. ред д.э.н. Ж.А. Мингалевой, к.э.н. С.С. Чернова |
|
| 210 |
_aНовосибирск _cЦентр развития научного сотрудничества _cИзд-во НГТУ _d2011 |
||
| 215 |
_a394 с. _cил. _d21 |
||
| 300 | _aВ надзаг.: Центр развития науч. сотрудничества | ||
| 320 | _aБиблиогр. в конце докл. | ||
| 606 | 1 |
_aЭкономика _jСъезды, совещания и т.п. _91414491 _3RU\NLR\auth\66284709 |
|
| 686 | _aУ.я431 | ||
| 702 | 1 |
_aМингалева _bЖ. А. _gЖанна Аркадьевна _4340 |
|
| 711 | 1 | 2 |
_a"Актуальные вопросы экономических наук", международная научно-практическая конференция _d20 _f2011 _eНовосибирск _3RU\NLR\AUTH\8810194146 _9277857 |
| 801 | 0 |
_aRU _bNLR _c20111010 _gRCR |
|
| 801 | 1 |
_aRU _bNLR _c20111010 |
|
| 942 | _cBOOK | ||
| 980 | _aNB | ||
| 980 | _aNBR | ||